Teória zvárania : návody na cvičenia /

Hlavní autor: Veselko, Július
Korporativní autor: Vysoká škola dopravy a spojov v Žiline. Strojnícka a elektrotechnická fakulta
Další autoři: Zasypkin, V. V.
Jazyk: Slovenština
Vydáno: Bratislava : Alfa, 1987
Vydání: 2. preprac. vyd.
Edice: Učebné texty vysokých škôl
Témata:
Fyzický popis: 134 s.
Knihy
Uloženo v:
LEADER 01278nam a22003012a 4500
001 000229552
003 CZ BrMZK
005 20180823073429.0
007 ta
008 970103s1987 xo f slo d
040 |a BOA001  |b cze 
080 |a 621.79(076)  |2 MRF 
100 1 |a Veselko, Július  |7 jx20050628025  |4 aut 
245 1 0 |a Teória zvárania :  |b návody na cvičenia /  |c Július Veselko, V. V. Zasypkin 
250 |a 2. preprac. vyd. 
260 |a Bratislava :  |b Alfa,  |c 1987 
300 |a 134 s. 
490 1 |a Učebné texty vysokých škôl 
504 |a Obsahuje bibliografii 
550 |a Vydavatel: Vysoká škola dopravy a spojov v Žiline, strojnícka a elektrotechnická fakulta 
700 1 |a Zasypkin, V. V.  |4 aut 
710 2 |a Vysoká škola dopravy a spojov v Žiline.  |b Strojnícka a elektrotechnická fakulta  |7 kn20050908021 
810 2 |a Vysoká škola dopravy a spojov v Žiline.  |b Strojnícka a elektrotechnická fakulta.  |t Učebné texty vysokých škôl 
910 |a BOA001  |b TK-A-0236.437  |b 4-0930.084 
964 |a Sváření - praktika 
990 |a BK 
996 7 |b 2629997016  |c TK-A-0236.437  |l MZK  |r Sklad / do 24 hodin  |n 2  |w 000229552  |u 000010  |a 1  |e BOA001  |j MZK50  |s A 
996 6 |b BC-500724  |c 4-0930.084  |l MZK  |r Sklad / do 1 hodiny  |n 0  |w 000229552  |u 000020  |a 1  |e BOA001  |j MZK50  |s P